| 000 | 00791nam a2200193 u 4500 | ||
|---|---|---|---|
| 001 | 000767236 | ||
| 003 | AM-YeHGA | ||
| 005 | 20250617143816.0 | ||
| 008 | 101021s1970 |||| |||||||||||||rus d | ||
| 040 | _aAM-YeHGA | ||
| 041 | 1 |
_arus _hspa |
|
| 245 | 0 | 0 |
_aРомансеро : _bПер. с испанского / _cСост., ред. перевода и послесл. Н. Томашевского ; Худож. А. Гончарова. |
| 260 |
_aМосква : _bХудожественная литература, _c1970. |
||
| 300 |
_a455 с. : _bил. ; _c17 см. |
||
| 650 | 1 | 4 | _aИспанская поэзия |
| 650 | 1 | 4 | _aИсторические романсы |
| 700 | 1 |
_aТомашевский, Николай Борисович _d1924–1993 _4com _4trl _4aui |
|
| 090 | _c283586 | ||
| 999 |
_c281929 _d281929 |
||